Statistics for Legendary Lead Singers: what band? (picture quiz) - COPY

Click here to take the quiz!

General Stats

  • This quiz has been taken 108 times
  • The average score is 7 of 12

Answer Stats

Answer% Correct
The Beatles
96%
The Rolling Stones
94%
The Police
82%
Blondie
72%
The Who
64%
Sex Pistols
58%
The Smiths
54%
The Pretenders
46%
Ramones
36%
The Clash
27%
Stone Roses
18%
Arcade Fire
7%

Score Distribution

Percentile by Number Answered

Percent of People with Each Score

Your Score History

You have not taken this quiz